[Event "North American-ch Juniors Open U20 2020"]
[Site "Charlotte"]
[Date "2020.12.23"]
[Round "8.7"]
[White "Lu, Jason"]
[Black "Sheng, Joshua"]
[Result "0-1"]
[WhiteElo "2025"]
[BlackElo "2474"]
[Annotator "TA"]
[PlyCount "96"]
[EventDate "2020.12.06"]
[EventType "swiss"]
[EventCountry "USA"]
[SourceTitle "playchess.com"]
[Source "ChessBase"]
[SourceQuality "1"]

{[%evp 9,96,-22,-10,-65,-74,-70,-57,-64,-35,-63,-55,-92,-94,-101,-93,-103,-108,-128,-118,-124,-123,-129,-114,-107,-98,-122,-101,-190,-200,-201,-198,-189,-190,-195,-187,-218,-217,-207,-162,-152,-148,-156,-152,-176,-159,-222,-231,-187,-220,-235,-222,-234,-245,-241,-239,-248,-239,-243,-230,-395,-406,-404,-404,-399,-410,-435,-439,-424,-409,-732,-725,-651,-358,-351,-359,-645,-645,-645,-645,-5418,-5410,-5410,-5402,-29975,-29973,-6149,-6206,-6159,-5939]} 1. e4 c5 2. b4 cxb4 3. a3 d5 4. exd5 Qxd5 5. Nf3 e6 6. c4 {B20: Sicilian: Unusual White 2nd moves.} ({White should try} 6. d4 $11) 6... bxc3 $1 $15 7. Nxc3 Qd8 8. d4 {[#] Black is slightly better.} Nf6 $146 ({Predecessor:} 8... a6 9. Bd3 Be7 10. O-O Nf6 11. Bb2 O-O 12. Ne4 Nbd7 13. Ne5 Nd5 14. Qf3 N7f6 15. Nxf6+ Nxf6 {1-0 (33) Schlag,F-Marschall,J Bad Woerishofen 1992}) 9. Bb5+ Bd7 {aiming for ...Bxb5.} 10. Bd3 Bc6 11. O-O Nbd7 12. Bg5 Be7 13. Bc2 Nd5 14. Ne4 O-O 15. Qd3 g6 16. Bh6 {[#]} Re8 $1 17. Rfe1 N7f6 18. Ned2 (18. Ne5 $17 {was called for.}) 18... Ng4 $19 19. Be3 Rc8 20. Bb3 Qa5 21. Nc4 Qa6 22. Qd1 Nc3 23. Qd3 Bd5 {[%cal Rc8c4]} 24. Qxc3 Bxc4 25. Bd1 b5 26. Qb2 Qb7 27. Nd2 (27. Bg5 $17) 27... Nxe3 28. fxe3 Bd5 29. Rb1 a6 ({Stronger than} 29... Bxg2 30. e4 $11) 30. e4 Bc6 31. Bf3 Red8 32. Nb3 Qa7 33. Kh1 a5 34. Rbd1 $2 (34. d5 {was worth a try.} exd5 35. Nd4) 34... b4 35. axb4 Bxb4 36. Rf1 a4 37. d5 {With the idea Nd4.} a3 ({Not} 37... axb3 38. dxc6 Rxd1 39. Bxd1 $17) 38. Qf6 exd5 39. Nd4 (39. Bg4 $142 Bb5 40. Bxc8 Rxc8 41. Rc1) 39... Ba4 40. exd5 Bc3 41. Rd3 {Threatens to win with Rxc3!} Bb2 {Strongly threatening ...a2.} 42. Bg4 $2 (42. Rd2 Bd7 43. d6) 42... a2 {Hoping for ...Rb8.} 43. Bxc8 Rxc8 44. Nc6 Bxf6 45. Nxa7 Rb8 {( -> ...Rb1!)} 46. Ra3 {[#]} Rb1 $1 {[%cal Rb1f1][%mdl 512]} 47. g3 Rxf1+ 48. Kg2 a1=Q {Accuracy: White = 54%, Black = 92%.} 0-1

[Event "North American-ch Juniors Open U20 2020"]
[Site "Charlotte"]
[Date "2020.12.23"]
[Round "8.8"]
[White "Oberoi, Shelev"]
[Black "Tsay, Vincent"]
[Result "1/2-1/2"]
[WhiteElo "2133"]
[BlackElo "2266"]
[Annotator "TA"]
[PlyCount "181"]
[EventDate "2020.12.06"]
[EventType "swiss"]
[EventCountry "USA"]
[SourceTitle "playchess.com"]
[Source "ChessBase"]
[SourceQuality "1"]

{[%evp 14,181,21,-6,37,14,18,23,30,27,32,26,56,52,52,33,31,31,63,56,62,50,52,20,55,60,68,55,69,68,77,69,69,54,70,45,97,91,91,89,90,90,91,91,91,91,91,64,92,92,100,62,64,65,87,46,76,76,81,79,75,57,52,52,126,21,35,0,0,0,0,0,0,-14,-14,-175,-167,-224,-222,-226,942,-22,0,0,0,0,0,0,0,0,0,0,0,0,0,0,0,0,0,0,0,0,0,0,0,-10,0,0,0,0,0,0,0,0,0,0,0,0,0,0,0,0,0,0,0,0,0,0,0,0,0,-74,0,0,0,0,0,0,0,0,0,0,0,0,0,0,0,0,0,0,0,0,0,0,0,0,0,0,0,0,0,0,0,0,0,0,0,0,0,0]} 1. e4 e6 2. d4 d5 3. Nc3 Bb4 4. e5 c5 5. a3 Ba5 6. b4 cxd4 7. Nb5 Bc7 8. Nf3 (8. Qxd4 Nc6 $15) 8... Bd7 $1 {[%mdl 4] outshines the older 8...Nc6. C18: French: 3 Nc3 Bb4: Main line: 7 h4 and 7 Qg4.} 9. Nbxd4 Nc6 (9... Ne7 {is interesting.} 10. Bd3 Ba4 11. Qe2 h6 12. O-O a6) 10. Nxc6 bxc6 {[#] White has an edge.} 11. Bd3 $146 ({Predecessor:} 11. Ba6 Qb8 12. Qe2 Ne7 13. O-O Ng6 14. Re1 Bc8 15. Bd3 a5 16. b5 Bd7 17. a4 cxb5 18. axb5 {1-0 (31) Schmittdiel,E (2473)-Sondermann,D (2064) Oberhausen 2010}) 11... a5 12. Be3 Ne7 13. O-O Ng6 14. Bxg6 hxg6 15. Qd4 Bc8 16. Rfe1 Rh5 17. g4 Rh8 18. Qf4 Ba6 19. Bc5 Qd7 20. Qg5 Bd8 21. Qe3 a4 22. Kg2 Be7 23. Rad1 Bb5 24. Ng5 Bxc5 (24... Bxg5 $14 25. Qxg5 Qd8) 25. bxc5 $16 (25. Qxc5 $6 Qa7 $11) 25... Qe7 26. f4 Rb8 27. Rb1 Kd7 28. Rb4 Rhd8 29. Qd4 {And now c4 would win.} Kc8 30. Re3 Rh8 31. h3 Rd8 32. Nf3 Qa7 33. Nd2 Qe7 34. Nb1 Rd7 35. Nc3 Rdb7 36. Rf3 Ra7 37. f5 ({Of course not} 37. Nxb5 Rxb5 38. Rxb5 (38. Rxa4 Rxa4 39. Qxa4 Qxc5 $17) 38... cxb5 $11) 37... gxf5 38. gxf5 Qg5+ {[#]} ({Better is} 38... exf5 $14 39. Rxf5 (39. Nxb5 Rxb5 40. Rxb5 cxb5 $11) 39... Ba6) 39. Kh2 (39. Qg4 $1 $16 {[%cal Rg4g5]} Qxg4+ 40. Rxg4 (40. hxg4 exf5 41. gxf5 Re7 $14)) 39... exf5 $11 40. Nxb5 Rxb5 41. Rxb5 cxb5 {[%mdl 4096] Endgame KQR-KQR} 42. c6 Rc7 43. Qc5 Qe7 44. Qxb5 $2 (44. Qxd5 $11 {and White is okay.} Qe6 45. Qxb5) 44... Qxe5+ $19 45. Kg2 (45. Rg3 $142) 45... Qe4 46. Qc5 {Threatening mate with Qf8+.} Qe7 $4 {[%mdl 8192] [#]} (46... Re7 $19 47. Kg1 g6) 47. Qxd5 $2 ({White must play} 47. Re3 $1 $18 {[%mdl 512]} Qg5+ 48. Kh1) 47... Qe6 (47... g6 {is more complex.} 48. Qa5 Ra7 49. Qb5 Qe4 50. Kg3 f6) 48. Qxf5 Rxc6 49. Qxe6+ fxe6 $11 {KR-KR} 50. c3 Kd8 51. Kf2 Ke7 52. Ke2 Rc4 53. Kd3 Rh4 54. Rg3 Kf6 55. Rf3+ Ke5 56. Re3+ Kd5 57. Rg3 e5 58. Rxg7 Rxh3+ 59. Kc2 Rh2+ 60. Kd3 e4+ 61. Ke3 {Cut Off at move 61} Rh3+ 62. Kd2 Kc4 63. Re7 Rh2+ 64. Ke3 Kxc3 {White must now prevent ...Ra2.} 65. Rxe4 Kb3 66. Kd3 Rh8 {Threatens to win with ...Rd8+.} 67. Rb4+ Kxa3 68. Rb7 Rc8 {Strongly threatening ...Ka2.} 69. Kd2 Ka2 {...a3 is the strong threat.} 70. Kd3 a3 71. Kd2 Ka1 {aiming for ...Rc4.} 72. Kd1 (72. Rg7 $11) 72... a2 ({Black should play} 72... Rc6 $17) 73. Kd2 {The position is equal.} Rh8 74. Kc2 Rh2+ 75. Kc1 Rh1+ 76. Kc2 Rb1 77. Rh7 Rb2+ 78. Kc1 Rb8 {Hoping for ...Rc8+.} 79. Rc7 Rg8 80. Kc2 Rg2+ 81. Kc1 Rb2 82. Rc8 Rb1+ 83. Kc2 Rb6 84. Kc1 Re6 85. Rc7 Re1+ 86. Kc2 Rb1 87. Rc8 Rb7 88. Kc1 Ra7 89. Kc2 Rb7 90. Kc1 Ra7 91. Kc2 {Weighted Error Value: White=0.30/Black=0.10} 1/2-1/2

[Event "North American-ch Juniors Open U20 2020"]
[Site "Charlotte"]
[Date "2020.12.23"]
[Round "8.9"]
[White "Fishbein, Mitch"]
[Black "Park, Evan"]
[Result "0-1"]
[WhiteElo "2132"]
[BlackElo "2173"]
[Annotator "TA"]
[PlyCount "96"]
[EventDate "2020.12.06"]
[EventType "swiss"]
[EventCountry "USA"]
[SourceTitle "playchess.com"]
[Source "ChessBase"]
[SourceQuality "1"]

{[%evp 15,96,0,0,-4,-18,-20,-9,-7,-18,-16,-22,-28,0,-16,0,-21,-31,-52,-25,-102,-107,-100,-93,-113,-114,-110,-118,-146,-146,-150,-136,-140,-137,-191,-191,-191,-190,-190,-184,-181,-174,-195,-198,-371,-367,-353,-381,-376,-354,-360,-366,-368,-335,-454,-471,-460,-470,-474,-464,-430,-269,-521,-497,-489,-483,-638,-638,-638,-638,-606,-598,-582,-514,-744,-474,-653,-611,-12839,-749,-847,-842,-790,-665]} 1. d4 Nf6 2. c4 e6 3. Nc3 Bb4 4. Qc2 O-O 5. Nf3 d5 6. a3 Bxc3+ 7. Qxc3 dxc4 8. Qxc4 b6 9. g3 {E36: Nimzo-Indian: Classical: 4...d5 5 a3.} Ba6 {9...Bb7 is not played anymore.} 10. Qc2 Nbd7 {[%cal Bb8d7,Bd7c5,Bc5b3][%mdl 32]} 11. Bg2 {The position is equal.} c5 12. O-O Rc8 13. Qd1 Bb7 {[#]} 14. dxc5 $146 ({Predecessor:} 14. Bf4 cxd4 15. Qxd4 Nc5 16. Rad1 Qxd4 17. Nxd4 Bxg2 18. Kxg2 Nd5 19. Bd6 Rfd8 20. Bxc5 bxc5 {½-½ (28) Jonsson,M (2250)-Hammarstrom,U (2194) Sweden 2018}) 14... Nxc5 15. Qxd8 Rfxd8 16. Bg5 Ba6 17. Rfe1 {[#]} (17. b4 $11 Nce4 18. Rfe1) 17... Nb3 $1 $36 {[%cal Rb3a1][%mdl 2048] Black is really pushing. Black converts the advantage convincingly.} 18. Rab1 h6 19. Bxf6 gxf6 20. Bf1 Rc2 21. Red1 Rxd1 22. Rxd1 Bxe2 23. Bxe2 Rxe2 {[%mdl 4096] Endgame KRN-KRN} 24. Rb1 (24. Rd7 $17) 24... Kf8 $19 25. Kf1 Rc2 26. Ne1 Rd2 27. Nf3 Ke7 28. Ke1 Rc2 29. Nh4 $2 (29. Kf1 {might work better.}) 29... Nc5 30. Kf1 Nd3 31. b4 Rxf2+ 32. Kg1 Rc2 33. Nf3 Ne5 34. Ne1 Ra2 35. Rb3 Nc4 36. Rc3 b5 37. Nc2 Rb2 38. Kf2 $2 {[#]} (38. a4) 38... Nxa3 $1 {[%mdl 576] Deflection. Black is clearly winning.} 39. Rxa3 Rxc2+ {KR-KR} 40. Kf3 Rxh2 41. Rxa7+ Kf8 42. Rb7 Rh5 43. Rc7 Rd5 44. Ke4 Re5+ 45. Kd4 Rg5 46. Rc5 Rg4+ 47. Kc3 Rxg3+ 48. Kd4 Rg5 {Weighted Error Value: White=0.60/Black=0.18} 0-1

[Event "North American-ch Juniors Open U20 2020"]
[Site "Charlotte"]
[Date "2020.12.23"]
[Round "9.1"]
[White "Chen, Ryo"]
[Black "Liang, Jason"]
[Result "1/2-1/2"]
[WhiteElo "2165"]
[BlackElo "2317"]
[Annotator "TA"]
[PlyCount "135"]
[EventDate "2020.12.06"]
[EventType "swiss"]
[EventCountry "USA"]
[SourceTitle "playchess.com"]
[Source "ChessBase"]
[SourceQuality "1"]

{[%evp 15,135,6,18,2,18,14,5,8,22,0,14,-28,-22,-29,-14,-23,0,0,0,0,18,-41,-48,-29,-46,-89,-85,-78,-83,-63,-63,-112,-36,-96,-54,-85,-68,-83,-85,-123,-116,-123,-121,-139,-141,-146,-142,-265,-133,-111,-73,-118,0,0,22,0,7,21,79,79,52,39,50,49,84,81,97,36,50,59,31,18,31,35,33,0,0,0,0,-16,-10,-30,0,0,21,21,21,24,24,24,24,0,0,0,6,0,21,21,22,22,22,16,21,21,21,21,24,21,21,7,8,2,21,17,21,21,29,0,14,0,21,0]} 1. e4 e6 2. d4 d5 3. Nd2 c5 4. Ngf3 cxd4 5. Nxd4 Nc6 6. Bb5 Bd7 7. Nxc6 bxc6 8. Bd3 Qc7 9. Qe2 {C07: French Tarrasch: 3...c5, 4 Ngf3 and 4 exd5 Qxd5.} Ne7 10. O-O Ng6 11. Nf3 Be7 12. g3 O-O {[#]} 13. e5 $146 ({Predecessor:} 13. h4 Bd6 14. h5 Ne5 15. Nxe5 Bxe5 16. c3 f5 17. exf5 exf5 18. f4 Bd6 19. Be3 c5 20. Qf2 Rab8 {½-½ (20) Oratovsky,M (2414)-Peralta,F (2586) Barbera del Valles 2020}) 13... c5 14. c3 Bc6 15. h4 Rfd8 16. h5 Nf8 17. h6 g6 18. Ng5 ({Better is} 18. Bg5 $11) 18... Nd7 $15 19. Re1 Rab8 20. c4 dxc4 21. Bxc4 Nb6 22. Bd3 Rd4 23. Nf3 Rd7 ({Black should play} 23... Bxf3 $17 24. Qxf3 Nd7) 24. Nh2 (24. Be4 $15) 24... Qb7 25. Ba6 Qa8 26. Bd2 Rbd8 27. Ba5 Bg5 28. Qg4 Bxh6 29. Qh4 Bg7 30. Ng4 Rd4 31. Bc3 {[#]} (31. Bf1 $17) 31... Ra4 (31... h5 $1 $19 32. Bxd4 Rxd4 {[%mdl 64] Pin} 33. Nf6+ Bxf6 34. Qxf6 c4) 32. Be2 $17 Nd5 {aiming for ...h5.} 33. Qg5 Rxg4 34. Bxg4 $11 h6 35. Qc1 h5 36. Bh3 Nb4 (36... h4 $11 {keeps the balance.}) 37. Bxb4 $16 cxb4 38. Qf4 a5 39. Rac1 Qb7 40. Bf1 Bd5 {[#]} 41. a3 (41. Rc5 $1 $16) 41... bxa3 42. bxa3 Bf8 43. Rb1 (43. Rc3 {feels hotter.} Rc8 44. Rxc8 Qxc8 45. Rc1 Qb8 46. Ba6) 43... Qa7 44. a4 Ba8 {Black wants to play ...Rd4.} 45. Red1 (45. Bg2 {is interesting.} Rd4 46. Qe3 Bc5 47. Rbc1 Bxg2 48. Kxg2 h4 49. Qc3) 45... Rxd1 46. Rxd1 Qb7 $1 {[%csl Ga8][%cal Rb7h1]} 47. Qh4 Be7 48. Qh3 {next Bg2 is good for White.} Qc7 (48... Qb4 {looks sharper.} 49. Rc1 Bf3 50. Rc7 Bg5 51. Rc4 Qb2) 49. Bg2 Bxg2 (49... Qc2 {keeps more tension.} 50. Rf1 Be4 51. Bxe4 Qxe4 52. Qg2 Qxe5 53. Rc1 h4) 50. Qxg2 Qxe5 $11 {[%mdl 4096] Endgame KQR-KQB} 51. Rd7 Qa1+ 52. Kh2 Qf6 53. Rd2 Kg7 54. Qe4 Bb4 55. Re2 Kh7 56. Kg2 Qa1 57. Qc6 Kg7 58. Re3 Qf6 59. Rf3 Qe7 60. Rd3 Qc5 61. Qxc5 Bxc5 {KR-KB} 62. Rc3 Bb4 63. Rc7 Kf6 64. Kf3 g5 65. Rb7 Bc3 66. Rc7 Bb4 67. Rb7 Bc3 68. Rc7 {Weighted Error Value: White=0.16/Black=0.14} 1/2-1/2

[Event "North American-ch Juniors Open U20 2020"]
[Site "Charlotte"]
[Date "2020.12.23"]
[Round "9.3"]
[White "Quiroga Jaquez, Angel Ivan"]
[Black "Vivekananthan, Anish"]
[Result "0-1"]
[WhiteElo "2178"]
[BlackElo "2305"]
[Annotator "TA"]
[PlyCount "120"]
[EventDate "2020.12.06"]
[EventType "swiss"]
[EventCountry "USA"]
[SourceTitle "playchess.com"]
[Source "ChessBase"]
[SourceQuality "1"]

{[%evp 9,120,10,23,0,8,-2,11,11,0,0,9,8,14,9,12,0,0,0,0,-8,14,9,62,22,54,29,72,57,80,72,75,62,80,71,114,-24,-10,-20,-29,-34,-27,-26,-9,-39,-35,-54,-64,-169,-193,-243,-270,-267,-261,-281,-276,-304,-302,-288,-301,-294,-289,-295,-282,-283,-279,-321,-312,-318,-272,-355,-337,-388,-385,-699,-699,-671,-673,-578,-563,-563,-563,-526,-436,-563,-436,-563,-563,-563,-563,-563,-563,-563,-563,-563,-556,-556,-556,-548,-541,-518,-504,-4770,-4750,-12843,-12386,-5542,-5871,-29973,-29975,-29975,-29976,-29976,-29977]} 1. Nf3 d5 2. b3 Bg4 3. Bb2 Nd7 4. d4 Ngf6 5. e3 e6 6. a3 {A06: Réti Opening: 1 Nf3 d5.} Bd6 7. Be2 O-O 8. Nbd2 {The position is equal.} c6 9. O-O Qc7 {[#]} 10. h3 $146 ({Predecessor:} 10. Rc1 Ne4 11. h3 Bxf3 12. Nxf3 Rac8 13. c4 Rfe8 14. b4 dxc4 15. Bxc4 Nb6 16. Bd3 {½-½ (47) Noori,M (1627)-Werner,P (1425) Dortmund 2005}) 10... Bf5 11. c4 Ne4 12. Nxe4 Bxe4 13. Nd2 Bg6 14. f4 f6 15. Rc1 Bf7 ({Black should play} 15... Qd8 $11) 16. b4 Rfe8 17. Bd3 Rad8 18. Qf3 Qb8 19. e4 dxe4 20. Nxe4 Be7 21. Rce1 b6 22. c5 (22. d5 $16 {aiming for Ng5!} cxd5 23. cxd5) 22... bxc5 $11 23. dxc5 {[#]} Nxc5 $1 24. Nxc5 Bxc5+ {[%mdl 64] Pin} 25. Kh1 {White wants to play Bxf6.} Bf8 26. Be4 c5 27. Bc6 Re7 28. Qg4 {[#] Black converts the advantage convincingly.} ({White should try} 28. b5 $15) 28... Rc7 $1 $19 {[%cal Rc7c6]} 29. Bxf6 {b5 is the strong threat.} Rxc6 30. Bxd8 Qxd8 31. bxc5 Rxc5 ({Much less strong is} 31... Bxc5 32. Rc1 $19) 32. Re3 Rd5 33. Qf3 h6 34. Rc1 Rf5 35. Qe4 Qb8 36. Rf3 a5 37. Rb1 Qd6 38. Rc1 Rd5 39. Qa4 h5 40. Kh2 Rd4 41. Qxa5 (41. Rc4 e5 42. Rxd4 Qxd4 43. Qxa5) 41... Rxf4 42. Kh1 Rxf3 43. gxf3 Qxa3 44. Qxa3 Bxa3 45. Rc8+ Kh7 46. Kg2 Bb2 47. Rc7 Bg6 48. Rc5 Bf5 49. Rb5 Bf6 50. Ra5 Kg6 51. Ra4 h4 52. Rb4 Kg5 53. Ra4 Be5 54. Ra7 g6 55. Ra5 (55. Ra4 $142) 55... Bd4 56. Ra3 Kf4 57. Rb3 e5 58. Rb4 Be6 {Black mates.} 59. Rb5 Bc4 60. Rb8 Bd5 {Weighted Error Value: White=0.35/Black=0.15} 0-1

[Event "North American-ch Juniors Open U20 2020"]
[Site "Charlotte"]
[Date "2020.12.23"]
[Round "9.4"]
[White "Sheng, Joshua"]
[Black "Wu, Derek"]
[Result "1-0"]
[WhiteElo "2474"]
[BlackElo "2106"]
[Annotator "TA"]
[PlyCount "69"]
[EventDate "2020.12.06"]
[EventType "swiss"]
[EventCountry "USA"]
[SourceTitle "playchess.com"]
[Source "ChessBase"]
[SourceQuality "1"]

{[%evp 19,69,47,43,47,44,44,62,51,50,50,39,39,39,45,41,40,107,107,101,87,101,98,110,80,187,185,175,172,178,104,114,121,121,114,124,98,197,119,191,195,195,187,197,126,589,554,29981,29982,29992,29993,29993,29994]} 1. e4 c5 2. Nf3 d6 3. d4 cxd4 4. Nxd4 Nf6 5. Nc3 Nc6 6. Bg5 e6 7. Qd2 a6 8. O-O-O Bd7 9. f4 h6 10. Bh4 b5 11. Bxf6 {B67: Sicilian: Richter-Rauzer: 7...a6 8 0-0-0 Bd7, lines without 9 f4 Be7.} gxf6 12. Kb1 Qb6 13. Nxc6 $1 {[%mdl 4] White is slightly better. is more profitable than 13.Nce2 at the moment.} Bxc6 14. f5 b4 15. Ne2 {[%cal Bc3e2,Be2g3,Bg3h5][%mdl 32]} e5 16. Ng3 {[#]} Qc5 $146 ({Predecessor:} 16... h5 17. Bc4 Rd8 18. Qe2 h4 19. Nh5 Ke7 20. g4 Bh6 21. Bxa6 d5 22. exd5 Bxd5 23. Rhe1 Bxa2+ 24. Kxa2 Ra8 25. Kb3 Rxa6 26. Rd5 Qc6 27. Qb5 Rc8 28. Qxb4+ {1-0 (28) Shomoev,A (2553)-Gutenev,A (2398) Cheliabinsk 2016}) 17. Bd3 a5 (17... h5 $1 $14) 18. Qe2 $16 a4 19. Nh5 (19. Bc4 {looks sharper.} Be7 20. b3 Ra7 21. Rhe1 Kd7 22. Qh5) 19... Be7 20. Bc4 Rg8 21. g4 Rxg4 {[#]} 22. Bxf7+ $1 $18 {[%mdl 512]} Kxf7 23. Qxg4 Rg8 24. Qe2 ({White should try} 24. Qf3 $18) 24... a3 25. Ng3 axb2 26. Qh5+ Kf8 {White must now prevent ...b3!} 27. Rhe1 Bb5 (27... d5 $16) 28. Rd5 (28. Nf1 $1 $18) 28... Qc3 (28... Qc6 $16 {was called for.}) 29. Qxh6+ Kf7 30. Qh5+ ({Much less strong is} 30. Rxb5 $6 Qxe1+ 31. Kxb2 Qc3+ 32. Kb1 Rg5 $14) 30... Kf8 {[#]} 31. Red1 (31. Qd1 $1 $18 Ba6 32. Qd2) 31... Bc4 {[%mdl 8192] Loses the game.} (31... Ba6 $16 32. Qh7 Rg5 33. Qh8+ (33. Nh5 $2 Rg2 $19) 33... Rg8) 32. Ra5 {aiming for Ra8+.} Bf7 33. Ra8+ {White mates.} Kg7 34. Qg4+ Kh7 35. Qh4+ {Weighted Error Value: White=0.12/Black=0.69} (35. Rxg8 $2 {[#] leads to mate.} Bxa2+ $1 {[%mdl 576] Back Rank} 36. Kxa2 Qa3+ 37. Kb1 Qa1#) 1-0

[Event "North American-ch Juniors Open U20 2020"]
[Site "Charlotte"]
[Date "2020.12.23"]
[Round "9.6"]
[White "Park, Evan"]
[Black "Singh, Hersh"]
[Result "1/2-1/2"]
[WhiteElo "2173"]
[BlackElo "2112"]
[Annotator "TA"]
[PlyCount "109"]
[EventDate "2020.12.06"]
[EventType "swiss"]
[EventCountry "USA"]
[SourceTitle "playchess.com"]
[Source "ChessBase"]
[SourceQuality "1"]

{[%evp 14,109,25,29,50,19,19,34,102,65,64,32,31,32,25,0,0,0,9,1,2,17,31,-22,-18,-8,50,40,165,0,0,8,7,10,66,0,0,40,45,0,95,96,131,85,91,31,30,16,35,35,167,163,204,168,187,149,155,155,145,146,131,112,147,158,135,129,133,-43,-29,-33,-31,-53,-41,-187,-7,-28,16,-22,-20,-23,-23,-37,-6,-12,-12,-14,-10,-80,0,-16,0,-47,-29,-62,-64,-973,1709,-38]} 1. e4 e5 2. Nf3 Nc6 3. Bc4 Nf6 4. Ng5 d5 5. exd5 Na5 6. Bb5+ c6 7. dxc6 bxc6 8. Bd3 Nd5 {C58: Two Knights: 4 Ng5 d5 5 exd5 Na5 sidelines.} 9. Nf3 (9. h4 {is interesting.} Nf4 10. Bf1 Bc5 11. c3 Qd5 12. Qf3) 9... Bd6 10. O-O f5 {[#]} (10... O-O $14) 11. Nxe5 $1 $16 {[%mdl 512]} O-O $1 (11... Bxe5 $2 12. Re1 $16) 12. Re1 {And now Bf1 would win.} Qf6 $1 13. Nf3 g5 $1 {[%cal Rg5g4]} 14. c4 Nf4 15. Bf1 {Strongly threatening d4.} g4 {[#]} 16. d4 $1 gxf3 17. Qxf3 Ne6 {[%cal Re6d4]} (17... Qxd4 $6 18. Rd1 $16) 18. c5 (18. Qc3 $14) 18... Bc7 $1 $11 19. b4 Nxd4 (19... Qxd4 $11 20. Qc3 Qxc3 21. Nxc3 Nb7) 20. Qc3 $14 Nb7 (20... Qh4 21. f4 $16 (21. g3 Qf6 $14)) (20... Rb8 $1 $14) 21. Bc4+ $2 {[#]} (21. Bb2 $1 $18 Rd8 22. Na3) 21... Ne6 $146 ({Predecessor:} 21... Kg7 22. Bb2 Rd8 23. Nd2 a5 24. Nb3 axb4 25. Qxd4 Rxd4 26. Bxd4 Qxd4 27. Nxd4 Kf6 28. Nxc6 Nxc5 29. Nxb4 {1-0 (29) So,W (2770)-Abdusattorov,N (2627) Chess.com INT 2020}) 22. Bb2 Qxc3 23. Nxc3 Kf7 (23... Re8 $11) 24. Re2 {[%mdl 1024] White has compensation.} Re8 25. Rae1 Nbd8 26. b5 Ba5 (26... Kf8 $11) 27. Re5 $1 $16 {[%cal Re5f5]} Kg6 28. R1e3 {Hoping for Rg3+.} f4 29. Bd3+ (29. Rh3 $16 Ng7 30. Bd3+ Kf7 31. Rxe8 Bxh3 32. Rh8) 29... Kf7 $1 $14 30. Rf3 Bxc3 31. Bxc3 {aiming for Rh5.} Bb7 (31... Kf8 $14) 32. Rh3 $36 {[%mdl 2048] White is in control.} (32. Bxh7 $6 cxb5 33. Rh3 (33. Rd3 Ke7 $11) 33... b4 $14) 32... Nf8 33. Bc4+ Nde6 34. Rh6 Rad8 {With the idea ...Rd1+.} 35. h4 $1 Rd1+ 36. Kh2 {Rf5+ is the strong threat.} Rc1 {[#]} 37. Rf6+ $3 {[%mdl 512]} Ke7 (37... Kxf6 $2 {too greedy.} 38. Rxe6+ Kf5 39. Rxe8 $18) (37... Kg7 38. Rexe6) 38. Rfxe6+ ({Stronger than} 38. bxc6 Bxc6 39. Rfxe6+ (39. Rexe6+ Nxe6 40. Rxe6+ {[%mdl 64] Double Attack} Kd7 $15) 39... Nxe6 $15) 38... Nxe6 39. Rxe6+ {[%mdl 64] Double Attack} Kd7 40. bxc6+ $2 (40. Rd6+ $16 Kc7 41. Bf7 $1) 40... Bxc6 $15 41. Rd6+ Kc7 42. Ba5+ Kb7 43. Bb3 {[#]} ({White should try} 43. Be6 $15) 43... Rxc5 $2 (43... Re2 $1 $19 {[%cal Re2f2]} 44. f3 Bxf3) 44. Bd2 f3 (44... Re2 $5 {[%cal Re2f2]} 45. Kg1 f3 46. gxf3 Re7 $11) 45. gxf3 Bxf3 46. Be3 Rc7 47. Rf6 Be4 (47... Bc6 {is more complex.} 48. Rf5 Rg7 49. Rg5 Ree7 50. Kg3 Rg6) 48. Rf4 {Black must now prevent Rxe4!} Bc6 49. Rb4+ Kc8 50. Rc4 (50. Bf4 $11 {keeps the balance.}) 50... Kb7 (50... Re4 $17) 51. Rb4+ $11 Kc8 52. Rg4 Bd7 53. Rg7 Be6 54. Re7 {[%mdl 8192]} Rd7 $4 {[%mdl 8192]} 55. Rxd7 $2 {Never resign too early!  Weighted Error Value: White=0.46/Black=0.28} ({Only move:} 55. Rxe8+ $18 Kb7 56. Bxe6) 1/2-1/2